Business Accounting 1 / Second Edition (Record no. 642)
[ view plain ]
| 000 -LEADER | |
|---|---|
| fixed length control field | 01392cam a22002054a 4500 |
| 005 - ΗΜΕΡΟΜΗΝΙΑ ΚΑΙ ΩΡΑ ΤΕΛΕΥΤΑΙΑΣ ΕΝΗΜΕΡΩΣΗΣ | |
| Πεδίο ελέγχου | 20250605163941.0 |
| 008 - FIXED-LENGTH DATA ELEMENTS--GENERAL INFORMATION | |
| Πεδίο ελέγχου σταθερού μήκους | 250528s ||||||||||||||||||||||||d |
| 035 ## - SYSTEM CONTROL NUMBER | |
| System control number | 15039 |
| 020 ## - ISBN | |
| ISBN | 582422272 |
| 040 ## - ΠΗΓΗ ΚΑΤΑΛΟΓΟΓΡΑΦΗΣΗΣ | |
| Φορέας πρωτότυπης καταλογογράφησης | MC Athens Campus Library |
| Γλώσσα καταλογογράφησης | Ελληνικά, Μοντέρνα (1453-) |
| Modifying agency | MC Athens Campus Library |
| Κανόνες περιγραφικής καταλογογράφησης | AACR2 |
| 245 1# - ΤΙΤΛΟΣ ΚΑΙ ΔΗΛΩΣΗ ΥΠΕΥΘΥΝΟΤΗΤΑΣ | |
| Τίτλος | Business Accounting 1 / Second Edition |
| 250 ## - EDITION STATEMENT | |
| Edition statement | 2nd |
| 260 ## - PUBLICATION, DISTRIBUTION, ETC. | |
| Name of publisher, distributor, etc. | Longman, |
| Date of publication, distribution, etc. | 1972 |
| 300 ## - PHYSICAL DESCRIPTION | |
| Extent | 438 |
| 520 ## - SUMMARY, ETC. | |
| Summary, etc. | Preface, The Accounting Equation and the Balance Sheet, The Double Entry System for Assets and Liabilities, The Asset Stock, Balancing Off Accounts and the Trial Balance, Trading and Profit and Loss Accounts and Balance Sheets, Accounting and Concepts and Conventions, Modern Methods of Proceeding Data, Bank Reconciliation Statements, The Journal, The Analytical Petty Cash Book and the Imprest System, Suspense Accounts and Types of Errors and Their Correction, Control Accounts, Incomplete Records and Single Entry, Receipts and Payments Accounts and Income and Expenditure Accounts, Manufacturing Accounts, Parthnership Accounts: An Introduction, Bills of Exchange, Goodwill, Parthnership Accounts Continued: Revaluation of Assets and Dissolution, Departmental Accounts, Joint Venture Accounts and Consignment Accounts, An Introduction to the Final Accounts of Limited Liability Companies, Answers to Exercises, Index. |
| 700 1# - ΠΡΟΣΘΕΤΗ ΑΝΑΓΡΑΦΗ--ΦΥΣΙΚΟ ΠΡΟΣΩΠΟ | |
| Personal name | Wood Frank |
| 9 (RLIN) | 873 |
| 942 ## - ADDED ENTRY ELEMENTS (KOHA) | |
| Koha item type | Books |
| Τύπος τεκμηρίου | Βιβλιοθήκη | Τρέχουσα τοποθεσία | Barcode | Αριθμός εισαγωγής | Ημερομηνία απόκτησης | Ταξιθετικό σύμβολο | Αριθμός αντιτύπου | Κατάσταση απόσυρσης | Κατάσταση χαμένου | Κατάσταση κατεστραμμένου | Μη δανεισμός | Σύνολο δανεισμών | Ημερομηνία τελευταίας εμφάνισης | Η τιμή ισχύει από |
|---|---|---|---|---|---|---|---|---|---|---|---|---|---|---|
| Books | MC Athens Campus Library | MC Athens Campus Library | 9780000006417 | 1266 | 05/06/2025 | 657 WOO V.1 | 1 | 05/06/2025 | 05/06/2025 |